L'Algérie pour les touristes... - Facile - Statistiques

Statistiques générales
  • Ce quiz a été pris 414 fois
  • Le résultat moyen est 10 sur 20
Statistiques - réponses
Question Indice Réponses Indice facile % Correct
Quelles sont les langues officielles ? Arabe
99%
Achats à faire 4/ Bijou berbère BERREEB
84%
Quel pays a accordé son indépendance à celui-ci ? France
73%
Ce pays est plus grand que la France (oui/non) Oui
73%
La religion majoritaire est Islam I
68%
Dans la capitale quel est le décalage horaire avec Paris ? (+ ou - et chiffre) ex - 10 - 1
64%
Quelles sont les principaux lieux touristiques ? S {Sahara} algérien SHARAA
64%
Achats à faire 3/ CD de... Raï IRA
58%
Quelles sont les principaux lieux touristiques ? O Oran
52%
Quel est le régime du pays ? République R
52%
Quelle est la monnaie ? Dinar algérien D
49%
Code sur les plaques minéralogiques DZ
46%
Le suffixe internet est dz
46%
Achats à faire 2/ Huile d'olive de Kabylie YELBAIK
44%
Le principal aéroport est N Alger
35%
Achats à faire 1/ Fruits Dates de {Biskra} KRAISB
32%
Quelles sont les langues officielles ? Tamazight T
28%
Quelles sont les principaux lieux touristiques ? G Oasis de {Ghardaïa} ARAAGDIH
25%
Achats à faire 5/ Pour se protéger du solail Cheich EICCHH
24%
Quels sont les climats locaux ? M & D {Méditerranéen} & {Désertique}
6%
Aucun quiz correspondant
Distribution des résultats
% des personnes avec chaque résultat
Percentile par nombre de réponses
Votre historique - résultats
Vous n’avez pas pris ce quiz